<?xml version="1.0" encoding="UTF-8"?>
<collection xmlns="http://www.loc.gov/MARC21/slim">
 <record>
  <leader>01756nam a22002297a 4500</leader>
  <controlfield tag="001">NCT_58144</controlfield>
  <controlfield tag="008">190117b        xxu||||| |||| 00| 0 vie d</controlfield>
  <datafield tag="999" ind1=" " ind2=" ">
   <subfield code="c">2814</subfield>
   <subfield code="d">2814</subfield>
  </datafield>
  <datafield tag="020" ind1=" " ind2=" ">
   <subfield code="c">53000</subfield>
  </datafield>
  <datafield tag="082" ind1="0" ind2="4">
   <subfield code="2">23rd ed.</subfield>
   <subfield code="a">174</subfield>
   <subfield code="b">C506</subfield>
  </datafield>
  <datafield tag="100" ind1="1" ind2=" ">
   <subfield code="a">Hoàng Đình Cúc</subfield>
   <subfield code="e">Chủ biên</subfield>
  </datafield>
  <datafield tag="245" ind1="1" ind2="0">
   <subfield code="a">Đạo đức nghề báo những vấn đề lý luận và thực tiễn</subfield>
   <subfield code="c">Hoàng Đình Cúc (chủ biên) ; Nguyễn Văn Phúc, Nguyễn Văn Dũng</subfield>
  </datafield>
  <datafield tag="260" ind1=" " ind2=" ">
   <subfield code="a">H.</subfield>
   <subfield code="b">Chính trị Quốc gia - Sự thật</subfield>
   <subfield code="c">2013</subfield>
  </datafield>
  <datafield tag="300" ind1=" " ind2=" ">
   <subfield code="a">320 tr.</subfield>
   <subfield code="b">Biểu đồ</subfield>
   <subfield code="c">21cm</subfield>
  </datafield>
  <datafield tag="520" ind1="3" ind2=" ">
   <subfield code="a">Nội dung cuốn sách đề cập đến những vấn đề lý luận về đạo đức nghề báo; quan điểm của C. Mác, Ph.Ăngghen, V.I.Lênin, Hồ Chí Minh và Đảng Cộng sản Việt Nam về báo chí, đạp đức nghề báo; và thực trạng đạo đức nghề báo Việt Nam hiện nay với những bất cập, những vấn đề cấp bách trong công tác chỉ đạo, quản lý báo chí hay việc truyền tải những thông tin không trung thực, thiếu chính xác vi phạm đạo đức nghề báo</subfield>
  </datafield>
  <datafield tag="653" ind1=" " ind2=" ">
   <subfield code="a">Quan hệ công chúng (PR)</subfield>
  </datafield>
  <datafield tag="700" ind1="1" ind2=" ">
   <subfield code="a">Nguyễn Văn Phúc</subfield>
  </datafield>
  <datafield tag="700" ind1="1" ind2=" ">
   <subfield code="a">Nguyễn Văn Dũng</subfield>
  </datafield>
  <datafield tag="942" ind1=" " ind2=" ">
   <subfield code="2">ddc</subfield>
   <subfield code="c">BK</subfield>
  </datafield>
  <datafield tag="952" ind1=" " ind2=" ">
   <subfield code="0">0</subfield>
   <subfield code="1">0</subfield>
   <subfield code="2">ddc</subfield>
   <subfield code="4">0</subfield>
   <subfield code="6">174_000000000000000_C506</subfield>
   <subfield code="7">0</subfield>
   <subfield code="9">15308</subfield>
   <subfield code="a">000001</subfield>
   <subfield code="b">000001</subfield>
   <subfield code="d">2019-01-17</subfield>
   <subfield code="o">174 C506</subfield>
   <subfield code="p">MD.13971</subfield>
   <subfield code="r">2019-01-17</subfield>
   <subfield code="v">53000.00</subfield>
   <subfield code="w">2019-01-17</subfield>
   <subfield code="y">BK</subfield>
  </datafield>
  <datafield tag="952" ind1=" " ind2=" ">
   <subfield code="0">0</subfield>
   <subfield code="1">0</subfield>
   <subfield code="2">ddc</subfield>
   <subfield code="4">0</subfield>
   <subfield code="6">174_000000000000000_C506</subfield>
   <subfield code="7">0</subfield>
   <subfield code="9">15309</subfield>
   <subfield code="a">000001</subfield>
   <subfield code="b">000001</subfield>
   <subfield code="d">2019-01-17</subfield>
   <subfield code="o">174 C506</subfield>
   <subfield code="p">MD.13972</subfield>
   <subfield code="r">2019-01-17</subfield>
   <subfield code="v">53000.00</subfield>
   <subfield code="w">2019-01-17</subfield>
   <subfield code="y">BK</subfield>
  </datafield>
  <datafield tag="980" ind1=" " ind2=" ">
   <subfield code="a">Thư viện Trường Đại học Nam Cần Thơ</subfield>
  </datafield>
 </record>
</collection>
